The Buddha and his dhamma : (Record no. 3637)

MARC details
000 -LEADER
fixed length control field 00894cam a2200253 4500
001 - CONTROL NUMBER
control field 4398
005 - DATE AND TIME OF LATEST TRANSACTION
control field 20181127173325.0
008 - FIXED-LENGTH DATA ELEMENTS--GENERAL INFORMATION
fixed length control field 110607s2011 ii b 001 0 eng d
010 ## - LIBRARY OF CONGRESS CONTROL NUMBER
LC control number 2011288359
015 ## - NATIONAL BIBLIOGRAPHY NUMBER
National bibliography number GBB0B3028
Source bnb
016 7# - NATIONAL BIBLIOGRAPHIC AGENCY CONTROL NUMBER
Record control number 015653474
Source Uk
020 ## - INTERNATIONAL STANDARD BOOK NUMBER
International Standard Book Number 0198068670 (hbk.)
International Standard Book Number 9780198068679 (hbk.)
042 ## - AUTHENTICATION CODE
Authentication code lccopycat
100 1# - MAIN ENTRY--PERSONAL NAME
Personal name Ambedkar, B. R.
Fuller form of name (Bhimrao Ramji),
Dates associated with a name 1891-1956.
245 14 - TITLE STATEMENT
Title The Buddha and his dhamma :
Remainder of title a critical edition /
Statement of responsibility, etc. B.R. Ambedkar ; edited, introduced and annotated by Aakash Singh Rathore and Ajay Verma.
260 ## - PUBLICATION, DISTRIBUTION, ETC.
Place of publication, distribution, etc. New Delhi ;
-- Oxford ;
-- New York :
Name of publisher, distributor, etc. Oxford University Press,
Date of publication, distribution, etc. 2011.
300 ## - PHYSICAL DESCRIPTION
Extent xxxi, 325 p. ;
Dimensions 24 cm.
504 ## - BIBLIOGRAPHY, ETC. NOTE
Bibliography, etc. note Includes bibliographical references (p. [309]-314) and index.
600 00 - SUBJECT ADDED ENTRY--PERSONAL NAME
Personal name Gautama Buddha.
650 #0 - SUBJECT ADDED ENTRY--TOPICAL TERM
Topical term or geographic name entry element Buddhism
General subdivision Doctrines.
700 1# - ADDED ENTRY--PERSONAL NAME
Personal name Rathore, Aakash Singh.
Personal name Verma, Ajay.
Holdings
Withdrawn status Lost status Source of classification or shelving scheme Damaged status Not for loan Collection code Home library Current library Shelving location Date acquired Serial Enumeration / chronology Inventory number Total Checkouts Full call number Barcode Date last seen Date last checked out Price effective from Koha item type
    Dewey Decimal Classification     Main TEST RTC Library RTC Library Main opac 12/05/2023 7951 1 241.3 AMB 30007121 12/05/2023 25/03/2019 27/11/2018 Main
Royal Thimphu College || All Right Reserved